000 00338nam a22001337a 4500
003 OSt
008 231102b |||||||| |||| 00| 0 eng d
041 _aeng
082 _a954.83
100 _aSankaran Nambudirippad
_95567
245 _aAarynamarude kudiyettam, bhagam 3
260 _aKunnamkulam
_bPnachamgam Book Depot
_c1966
942 _cBK
999 _c17776
_d17776